1222 1172 1052 1588 1022 1634 1718 1426 1507 1608 1685 1254 1522 1316 1027 1850 1317 1054 1059 1393 1867 1236 1454 1234 1167 1676 1550 1164 1314 1010 1913 1592 1883 1598 1289 1023 1018 1741 1923 1434 1818 1943 1040 1438 1587 1697 1309 1728 1936 1134 1317 1382 1417 1809 1097 1429 1352 1281 1477 1749 1168 1563 1735 1670 1617 1896 1962 1270 1400 1717 1322 1412 1517 1067 1413 1057 1261 1058 1912 1666 1532 1463 1840 1871 1813 1737 1734 1809 1843 1244 1692 1837 1923 1949 1624 1362 1176 1649 1559 BCNSPRNW ULIB Ver.6.0+V

เปลี่ยนเป็นภาษาไทย

Change to English
 แสดงรายละเอียดบรรณานุกรม
  กลับหน้าหลัก

Brief Record : Get Marc (ISO 2709) : E-mail record : QR code < ปิดหน้าต่าง
LEADER : 00000nam 2200000uu 4500
001    13399121517
003     ULIB
008    121122s2549||||th 000 0 tha d
020    ^a9749508831
060 04 ^aWC528^bศ666ข 2549
245 00 ^aไข้เลือดออกเด็งกี่:^bไวรัสวิทยาพยาธิกำเนิดจากกลไกภูมิคุ้มกันการวินิจฉัยการดูแลรักษาวัคซีนการป้องกันและควบคุม /^cกนกทิพย์ ทิพย์รัตน์... [และคนอื่นๆ]บรรณาธิการ ; ศุขธิดา อุบล, จันทพงษ์ วะสี
250    ^aพิมพ์ครั้งที่1
260    ^aกรุงเทพฯ :^bสำนักพิมพ์หมอชาวบ้าน,^c2549
300    ^a272 หน้า :^bภาพประกอบ ;^c26 ซม
650  7 ^aไข้เลือดออก
650  7 ^aเดนกิว, ไวรัส
650  7 ^aเด็งกี, ไวรัส
700 0  ^aกนกทิพย์ ทิพย์รัตน์
700 0  ^aศุขธิดา อุบล
700 0  ^aจันทพงษ์ วะสี
945    ^p0^l0^i24607
995    ^aกัณชพร
999 ^a ใช้งานได้ทุกระบบ
รายการนี้ยังไม่มีแท็ก
คุณยังไม่ได้ล็อกอิน คุณสามารถมีกิจกรรมร่วมกับเว็บไซต์ได้ แต่ต้องล็อกอินก่อน ::
  ล็อกอิน

รายการสื่อสารสนเทศ

ลำดับที่ ประเภท เลขเรียก/บาร์โค้ด สถานที่ สถานะ
1. วิทยาศาสตร์การแพทย์ และสุขภาพ
วิทยาศาสตร์การแพทย์ และสุขภาพ
WC528 ศ666ข 2549  
  Barcode: 24607
ห้องสมุดวิทยาเขตสวรรค์ประชารักษ์
►หนังสือทั่วไป
บนชั้น

รายการใกล้เคียง
    หัวเรื่อง [ไข้เลือดออก]
    หัวเรื่อง [เดนกิว, ไวรัส]
    หัวเรื่อง [เด็งกี, ไวรัส]

BibComment


ยังไม่เคยถูกคอมเมนท์

คอมเมนท์ทรัพยากรรายการนี้
  คอมเมนท์: ไข้เลือดออกเด็งก..


 Copyright 2026. Bcnsprnw @Library